[Event "New Delhi Parsvnath op-B 16th"]
[Site "New Delhi"]
[Date "2018.01.09"]
[Round "3"]
[White "Sudhir Kumar, Behera"]
[Black "Shirliyev, Allayar"]
[Result "0-1"]
[WhiteElo "1749"]
[BlackElo "1989"]
[PlyCount "104"]
[EventDate "2018.01.09"]
[EventType "swiss"]
[EventRounds "10"]
[EventCountry "IND"]
[SourceTitle "CBM 182 Extra"]
[Source "ChessBase"]
[SourceDate "2018.02.23"]
[SourceVersion "1"]
[SourceVersionDate "2018.02.23"]
[SourceQuality "1"]

1. e4 e5 2. d4 exd4 3. Nf3 Nc6 4. Bc4 d6 5. c3 dxc3 6. Nxc3 Nf6 7. Qb3 Qe7 8. 0-0 h6 9. Nd5 Nxd5 10. exd5 Ne5 11. Nxe5 dxe5 12. f4 e4 13. Be3 a6 14. f5 Qf6 15. Rad1 Bd6 16. Bd4 Qg5 17. f6 g6 18. Rde1 0-0 19. Rxe4 Bf5 20. h4 Qg3 21. Qxg3 Bxg3 22. Re7 b5 23. Bb3 Bxh4 24. Rxc7 Bg3 25. Rc3 Bd6 26. Rc6 Rfd8 27. Re1 Bf8 28. Kf2 a5 29. a3 a4 30. Ba2 b4 31. axb4 Bxb4 32. Bc3 Bxc3 33. bxc3 Rab8 34. d6 Rb2+ 35. Re2 a3 36. Rc7 Rxd6 37. Bxf7+ Kf8 38. Bc4 Rxf6 39. Kg3 Rxe2 40. Bxe2 Rf7 41. Rc6 Ra7 42. Bc4 a2 43. Bxa2 Rxa2 44. Kf3 Rxg2 45. Rf6+ Ke7 46. Rxf5 gxf5 47. Kxg2 h5 48. Kf3 h4 49. Kg2 f4 50. Kf3 h3 51. Kf2 Kd6 52. Kg1 f3 0-1